| 000 | 01047nam a22002655a 4500 | ||
|---|---|---|---|
| 003 | OSt | ||
| 005 | 20161126113444.0 | ||
| 008 | 161126s2016 ua frb 000 0 ara d | ||
| 015 | _a2015/26489 | ||
| 020 | _a9789770479742 | ||
| 040 |
_aEG-ScBUE _bara _cEG-ScBUE |
||
| 043 | _aa-ts--- | ||
| 082 | 0 | 4 |
_a345.535705 _bم ن ص _222 |
| 100 | 1 | _aمنصوري، عائشة حسين علي. | |
| 245 | 1 | 0 |
_aبدائل العقوبة السالبة للحرية قصيرة الأمد : _bدراسة مقارنة / _cإعداد عائشة حسين علي المنصوري. |
| 260 |
_aالقاهرة : _bدار النهضة العربية، _c2016. |
||
| 300 |
_a178 ص. ؛ _c24 سم. |
||
| 504 | _aيشتمل على إرجاعات ببليوجرافية. | ||
| 650 | 7 |
_aقانون العقوبات _zالإمارات العربية المتحدة. _2BUEsh |
|
| 650 | 7 |
_aالعقوبات (فقه إسلامي) _2BUEsh |
|
| 651 | _2BUEsh | ||
| 653 |
_bLLAAWW _cNovember2016 |
||
| 655 | 7 |
_aالعقوبة السالبة للحرية _2BUEsh |
|
| 942 | _2ddc | ||
| 999 |
_c23328 _d23300 |
||